Desarrollo de los derechos humanos de China en 50 años
محفوظ في:
| التنسيق: | كتاب |
|---|---|
| اللغة: | الإسبانية |
| منشور في: |
Beijing
Oficina de Información del Consejo de Estado de la República Popular China
2000
|
| الموضوعات: | |
| الوسوم: |
إضافة وسم
لا توجد وسوم, كن أول من يضع وسما على هذه التسجيلة!
|
MARC
| LEADER | 00000cam a2200000 a 4500 | ||
|---|---|---|---|
| 001 | UCL4769 | ||
| 003 | CL-VaPUC | ||
| 008 | 040227e20000000CH |||||||||||||||||spa|d | ||
| 020 | |a 7801482727 | ||
| 082 | 0 | 4 | |a 323.4 |b DES |2 21 |
| 245 | 1 | 0 | |a Desarrollo de los derechos humanos de China en 50 años |
| 300 | |a 49 p | ||
| 942 | |c BK | ||
| 945 | |d 20040227 00:00:00 |a cmena | ||
| 260 | |a Beijing |b Oficina de Información del Consejo de Estado de la República Popular China |c 2000 | ||
| 650 | 0 | |a Derechos humanos |9 223025 | |
| 650 | 0 | |a Política gubernamental |9 262286 | |
| 651 | 0 | |a China |9 257545 | |
| 583 | |a last modification |c 20160913 11:06:00 |k Rodrigo Vera | ||
| 999 | |c 307540 |d 307538 | ||
| 952 | |0 0 |1 0 |4 0 |6 323_400000000000000_DES_2000 |7 0 |8 A |9 373556 |a BIBGIM |b BIBGIM |d 2019-11-21 |i 3972143 |o 323.4 DES 2000 |p 3972143 |r 2025-01-15 |w 2019-11-21 |y BK |k ORI | ||